Word Ladder: Ladder Pair Quiz Stats

Quiz Updated Sep 21, 2012

Challenge
Share
Tweet
Embed
Score 0/18 Timer 02:00
1 Play Today
Word Ladder % Correct
Word Ladder OneTILE
98%
Word Ladder OneMILE
97.6%
Word Ladder OneTALE
97.2%
Word Ladder TwoLATE
94.7%
Word Ladder TwoLIME
90.3%
Word Ladder OneTAME
88.6%
Word Ladder TwoMATE
88.1%
Word Ladder TwoLITE
85.6%
Word Ladder OneTAPE
82.8%
Word Ladder % Correct
Word Ladder OneGAME
81.7%
Word Ladder OneGAPE
81.2%
Word Ladder TwoPATS
78.8%
Word Ladder TwoPALS
76.8%
Word Ladder OneTAPS
72.8%
Word Ladder OneLAPS
70.7%
Word Ladder TwoPAGE
69.5%
Word Ladder TwoPATE
64.8%
Word Ladder TwoMAGE
64.1%

Today's Daily Dose

Missing Word
1974 Movies A-Z

Word Ladder
The White Album

Quick Pick
Gods of War

On This Day
February 22nd II

You're not logged in!

Compare scores with friends on all Sporcle quizzes.
Sign Up with Email
OR
Log In

You Might Also Like...

Show Comments

Extras

Top Quizzes Today


Score Distribution

Your Account Isn't Verified!

In order to create a playlist on Sporcle, you need to verify the email address you used during registration. Go to your Sporcle Settings to finish the process.